[Event "LSS ZL-2021-0-02341"]
[Site "LSS email"]
[Date "2021.12.19"]
[Round "?"]
[White "Borchardt, Petra"]
[Black "Kerecsenyi, Zoltan"]
[Result "1/2-1/2"]
[WhiteElo "1571"]
[BlackElo "1448"]
[PlyCount "55"]
[EventDate "2021.11.20"]
[EventType "match (corr)"]
[EventRounds "2"]
[EventCountry "GER"]
[SourceTitle "Corr 2024"]
[Source "ChessBase"]
[SourceDate "2023.10.19"]
[SourceVersion "1"]
[SourceVersionDate "2023.10.19"]
[SourceQuality "1"]

1. b3 Nf6 2. Nf3 d5 3. Bb2 c5 4. e3 Nc6 5. Bb5 Bd7 6. 0-0 a6 7. Be2 Qc7 8. d4 cxd4 9. exd4 Bf5 10. c4 e6 11. Nc3 Be7 12. Rc1 0-0 13. cxd5 exd5 14. Na4 Bd6 15. Ne5 Rfe8 16. Bd3 Bxd3 17. Qxd3 Re6 18. Nxc6 bxc6 19. g3 h5 20. Rfe1 Ne4 21. Nc3 Qe7 22. Nxe4 dxe4 23. Qd2 Bb4 24. Bc3 Ba3 25. Rc2 Rd8 26. Qe2 c5 27. Rd2 Rd5 28. dxc5 1/2-1/2

[Event "LSS ZL-2021-0-02333"]
[Site "LSS email"]
[Date "2021.10.25"]
[Round "?"]
[White "Kerecsenyi, Zoltan"]
[Black "Cabrera, Claudio"]
[Result "1/2-1/2"]
[WhiteElo "1430"]
[BlackElo "1596"]
[PlyCount "58"]
[EventDate "2021.09.07"]
[EventType "match (corr)"]
[EventRounds "2"]
[EventCountry "GER"]
[SourceTitle "Corr 2024"]
[Source "ChessBase"]
[SourceDate "2023.10.19"]
[SourceVersion "1"]
[SourceVersionDate "2023.10.19"]
[SourceQuality "1"]

1. Nf3 Nf6 2. b4 e6 3. b5 c5 4. e3 d5 5. Bb2 Bd6 6. Be2 Nbd7 7. 0-0 e5 8. d3 0-0 9. Nbd2 Qc7 10. h3 h6 11. c4 a6 12. cxd5 axb5 13. e4 Nb6 14. Qb3 Bd7 15. Rab1 Nh5 16. Rfc1 Nf4 17. Bf1 Na4 18. Ba1 Nb6 19. g3 Ng6 20. h4 f6 21. a3 Ra6 22. Bb2 Na4 23. Ba1 Rfa8 24. h5 Nh8 25. Nh4 Nf7 26. Qd1 Nb6 27. Bb2 Na4 28. Ba1 Nb6 29. Bb2 Na4 1/2-1/2

[Event "LSS No Engine Cup 212 Preliminary 0"]
[Site "LSS email"]
[Date "2021.01.05"]
[Round "?"]
[White "Langheld, Werner"]
[Black "Kerecsenyi, Zoltan"]
[Result "1-0"]
[WhiteElo "1900"]
[BlackElo "1507"]
[PlyCount "37"]
[EventDate "2021.01.05"]
[EventType "tourn (corr)"]
[EventRounds "6"]
[EventCountry "GER"]
[SourceTitle "Corr 2024"]
[Source "ChessBase"]
[SourceDate "2023.10.19"]
[SourceVersion "1"]
[SourceVersionDate "2023.10.19"]
[SourceQuality "1"]

1. e4 d6 2. d4 Nf6 3. Nc3 g6 4. Bf4 c6 5. Qd2 Bg7 6. 0-0-0 0-0 7. Bh6 b5 8. f3 a5 9. h4 Nbd7 10. Bxg7 Kxg7 11. e5 Nh5 12. Nce2 Kh8 13. Nh3 Nb6 14. g4 Ng7 15. Qh6 f6 16. Ng5 fxg5 17. hxg5 Nh5 18. gxh5 Bf5 19. hxg6 1-0

[Event "ZL-2020-0-02269"]
[Site "LSS email"]
[Date "2020.09.07"]
[Round "?"]
[White "Guenther, Rainer"]
[Black "Kerecsenyi, Zoltan"]
[Result "0-1"]
[WhiteElo "1051"]
[BlackElo "1350"]
[PlyCount "54"]
[EventDate "2020.08.19"]
[EventType "match (corr)"]
[EventRounds "2"]
[EventCountry "GER"]
[SourceTitle "Corr 2022"]
[Source "ChessBase"]
[SourceDate "2021.10.24"]
[SourceVersion "1"]
[SourceVersionDate "2021.10.24"]
[SourceQuality "1"]

1. e4 e6 2. d4 d5 3. Nc3 Bb4 4. Bd3 Ne7 5. Nge2 0-0 6. 0-0 c5 7. Be3 c4 8. Bxc4 dxc4 9. d5 exd5 10. Nxd5 Nxd5 11. exd5 Re8 12. Ng3 Qh4 13. c3 Bd6 14. Qh5 Qxh5 15. Nxh5 Bg4 16. Bd4 Bxh5 17. Rfe1 Nd7 18. Re3 Nc5 19. Rae1 Rxe3 20. Rxe3 Nd3 21. b3 b5 22. g3 h6 23. b4 a5 24. f4 f6 25. Re6 Bf8 26. d6 Bg4 27. d7 Bxe6 0-1

[Event "ZL-2020-0-02255"]
[Site "LSS email"]
[Date "2020.06.29"]
[Round "?"]
[White "Kerecsenyi, Zoltan"]
[Black "Reede, Arvo"]
[Result "1-0"]
[WhiteElo "1319"]
[BlackElo "1496"]
[PlyCount "143"]
[EventDate "2020.05.28"]
[EventType "match (corr)"]
[EventRounds "2"]
[EventCountry "GER"]
[SourceTitle "Corr 2022"]
[Source "ChessBase"]
[SourceDate "2021.10.24"]
[SourceVersion "1"]
[SourceVersionDate "2021.10.24"]
[SourceQuality "1"]

1. d4 Nf6 2. Nf3 d5 3. Bg5 c5 4. e3 Qb6 5. Qc1 cxd4 6. exd4 Nc6 7. c3 e5 8. Nxe5 Nxe5 9. dxe5 Ne4 10. Be3 Bc5 11. b4 Bxe3 12. Qxe3 Qxe3+ 13. fxe3 Bd7 14. Be2 a5 15. 0-0 Ke7 16. Bd3 Rhc8 17. c4 Be6 18. bxa5 Rxa5 19. a4 Rca8 20. Bc2 Rc5 21. Bd3 Ng5 22. h4 dxc4 23. Bc2 Rxe5 24. hxg5 Rxg5 25. Nc3 b6 26. Rab1 Rb8 27. Rf4 Bh3 28. Be4 Be6 29. Kf2 h5 30. Rb5 Rxb5 31. axb5 g5 32. Rf3 Bg4 33. Nd5+ Kd6 34. Rxf7 Kc5 35. Nc7 Kd6 36. Na6 Re8 37. Bc6 Rd8 38. e4 Ke6 39. Rb7 Rd2+ 40. Kg3 c3 41. Bd5+ Ke5 42. Nb4 Be2 43. Rxb6 Kd4 44. Bb3 h4+ 45. Kh3 Kc5 46. Nd5 Bxb5 47. Rg6 Bc4 48. Rxg5 Bxb3 49. Nxc3+ Kb4 50. Nd5+ Kc4 51. Nf6 Kd4 52. Kxh4 Rf2 53. e5 Rf1 54. Kh5 Be6 55. Kg6 Rf2 56. Nh5 Bf7+ 57. Kh6 Rf1 58. Nf6 Bb3 59. Ng8 Bd5 60. g3 Rh1+ 61. Kg7 Ra1 62. Ne7 Ra7 63. Kf6 Ra6+ 64. Kf5 Be4+ 65. Kg4 Re6 66. Nf5+ Kd3 67. Ng7 Rh6 68. e6 Rf6 69. Kh5 Rf2 70. Re5 Rh2+ 71. Kg4 Kd4 72. Rxe4+ 1-0

[Event "OP-2019-0-04892"]
[Site "LSS email"]
[Date "2019.12.16"]
[Round "?"]
[White "Ducharme, Steven"]
[Black "Kerecsenyi, Zoltan"]
[Result "0-1"]
[WhiteElo "696"]
[BlackElo "1340"]
[PlyCount "32"]
[EventDate "2019.12.09"]
[EventType "tourn (corr)"]
[EventRounds "4"]
[EventCountry "GER"]
[SourceTitle "Corr 2022"]
[Source "ChessBase"]
[SourceDate "2021.10.24"]
[SourceVersion "1"]
[SourceVersionDate "2021.10.24"]
[SourceQuality "1"]

1. c4 Nf6 2. Nc3 g6 3. g3 Bg7 4. Bg2 0-0 5. d4 Nc6 6. Nf3 d6 7. 0-0 Bg4 8. h3 Bxf3 9. Bxf3 Nd7 10. Be3 e5 11. dxe5 Ndxe5 12. Bd5 Qd7 13. Kh2 Nd8 14. f4 Nec6 15. a3 Ne6 16. b4 Bxc3 0-1

[Event "LSS No Engine Cup 185 Preliminary 0"]
[Site "LSS email"]
[Date "2018.12.28"]
[Round "?"]
[White "Kerecsenyi, Zoltan"]
[Black "Hoehne, Micha"]
[Result "0-1"]
[WhiteElo "1539"]
[BlackElo "1939"]
[PlyCount "40"]
[EventDate "2018.12.29"]
[EventType "tourn (corr)"]
[EventRounds "6"]
[EventCountry "GER"]
[SourceTitle "Corr 2022"]
[Source "ChessBase"]
[SourceDate "2021.10.24"]
[SourceVersion "1"]
[SourceVersionDate "2021.10.24"]
[SourceQuality "1"]

1. e4 e5 2. Nf3 Nc6 3. Bb5 a6 4. Ba4 b5 5. Bb3 Nf6 6. 0-0 Bb7 7. Ng5 d5 8. c3 h6 9. Nxf7 Kxf7 10. d4 Na5 11. dxe5 Nxe4 12. Qf3+ Kg8 13. Bc2 Qe8 14. b3 Nc6 15. c4 Nd4 16. Qd1 Qxe5 17. Bb2 Bd6 18. g3 Nxg3 19. fxg3 Ne2+ 20. Kg2 d4+ 0-1

[Event "CP-2018-P-00016"]
[Site "LSS email"]
[Date "2018.09.27"]
[Round "?"]
[White "Kerecsenyi, Zoltan"]
[Black "Ilyin, Igor"]
[Result "0-1"]
[WhiteElo "1321"]
[BlackElo "1950"]
[PlyCount "48"]
[EventDate "2018.10.01"]
[EventType "tourn (corr)"]
[EventRounds "6"]
[EventCountry "GER"]
[SourceTitle "Corr 2022"]
[Source "ChessBase"]
[SourceDate "2021.10.24"]
[SourceVersion "1"]
[SourceVersionDate "2021.10.24"]
[SourceQuality "1"]

1. Nf3 Nf6 2. c4 g6 3. Nc3 Bg7 4. d4 d5 5. Bf4 0-0 6. e3 c5 7. Be2 cxd4 8. Nxd4 Ne4 9. cxd5 Nxc3 10. bxc3 Qxd5 11. Bxb8 Rxb8 12. 0-0 e5 13. Nf5 Qc5 14. Ng3 Be6 15. Qa4 f5 16. h4 b5 17. Qb4 Rfc8 18. Rfc1 e4 19. a3 Bxc3 20. Qxc5 Rxc5 21. h5 Rbc8 22. Rab1 a6 23. hxg6 hxg6 24. Nf1 Ba2 0-1

[Event "CP-2018-P-00016"]
[Site "LSS email"]
[Date "2018.09.27"]
[Round "?"]
[White "Kushnaryov, Andrey"]
[Black "Kerecsenyi, Zoltan"]
[Result "1-0"]
[WhiteElo "2232"]
[BlackElo "1321"]
[PlyCount "41"]
[EventDate "2018.10.01"]
[EventType "tourn (corr)"]
[EventRounds "6"]
[EventCountry "GER"]
[SourceTitle "Corr 2022"]
[Source "ChessBase"]
[SourceDate "2021.10.24"]
[SourceVersion "1"]
[SourceVersionDate "2021.10.24"]
[SourceQuality "1"]

1. Nf3 Nf6 2. c4 g6 3. g3 Bg7 4. Bg2 0-0 5. 0-0 d5 6. cxd5 Nxd5 7. d4 Nd7 8. e4 N5b6 9. Qc2 c6 10. Rd1 Qe8 11. Nc3 e5 12. b3 exd4 13. Nxd4 Nf6 14. Ba3 Nbd7 15. f4 c5 16. Ndb5 Ng4 17. Nc7 Qd8 18. Nxa8 Ne3 19. Qb2 Nxd1 20. Rxd1 Qa5 21. b4 1-0

[Event "CP-2018-P-00016"]
[Site "LSS email"]
[Date "2018.09.27"]
[Round "?"]
[White "Reyes Sablon, Alberto"]
[Black "Kerecsenyi, Zoltan"]
[Result "1-0"]
[WhiteElo "1645"]
[BlackElo "1321"]
[PlyCount "55"]
[EventDate "2018.10.01"]
[EventType "tourn (corr)"]
[EventRounds "6"]
[EventCountry "GER"]
[SourceTitle "Corr 2022"]
[Source "ChessBase"]
[SourceDate "2021.10.24"]
[SourceVersion "1"]
[SourceVersionDate "2021.10.24"]
[SourceQuality "1"]

1. d4 Nf6 2. c4 c5 3. d5 b5 4. cxb5 a6 5. e3 g6 6. Nc3 Bg7 7. e4 0-0 8. a4 axb5 9. Bxb5 d6 10. Nf3 Ba6 11. Rb1 Bxb5 12. axb5 Ng4 13. 0-0 Nd7 14. Qe2 Nge5 15. Nd2 Qc8 16. f4 h5 17. fxe5 Nxe5 18. Kh1 c4 19. Nf3 Nd3 20. Be3 e5 21. b3 Ra3 22. Nd2 f5 23. Nxc4 Rxb3 24. Qxd3 Rxb1 25. Rxb1 f4 26. Ba7 Rd8 27. b6 Bf8 28. b7 1-0

[Event "OP-2018-0-04641"]
[Site "LSS email"]
[Date "2018.08.30"]
[Round "?"]
[White "Hatsek, Werner"]
[Black "Kerecsenyi, Zoltan"]
[Result "1-0"]
[WhiteElo "2043"]
[BlackElo "1312"]
[PlyCount "61"]
[EventDate "2018.08.24"]
[EventType "tourn (corr)"]
[EventRounds "4"]
[EventCountry "GER"]
[SourceTitle "Corr 2022"]
[Source "ChessBase"]
[SourceDate "2021.10.24"]
[SourceVersion "1"]
[SourceVersionDate "2021.10.24"]
[SourceQuality "1"]

1. e4 g6 2. d4 Bg7 3. Nf3 c5 4. d5 Nf6 5. Bd3 c4 6. Bxc4 Nxe4 7. 0-0 0-0 8. Re1 Nd6 9. Bf1 b5 10. Bg5 Re8 11. Nc3 a6 12. Qd2 Nf5 13. a4 b4 14. Ne4 h6 15. Bf4 e5 16. g4 d6 17. gxf5 gxf5 18. Bxh6 fxe4 19. Rxe4 Qf6 20. Bxg7 Qxg7+ 21. Kh1 Nd7 22. Bh3 Kf8 23. Rg1 Qf6 24. Ng5 Ke7 25. f4 Rg8 26. Qxb4 Rxg5 27. Rxg5 Kf8 28. Re1 Nc5 29. Reg1 Bb7 30. c4 Qxf4 31. Qb6 1-0

[Event "OP-2018-0-04641"]
[Site "LSS email"]
[Date "2018.08.30"]
[Round "?"]
[White "Kerecsenyi, Zoltan"]
[Black "Pech, Jaroslav Sr"]
[Result "0-1"]
[WhiteElo "1312"]
[BlackElo "1640"]
[PlyCount "54"]
[EventDate "2018.08.24"]
[EventType "tourn (corr)"]
[EventRounds "4"]
[EventCountry "GER"]
[SourceTitle "Corr 2022"]
[Source "ChessBase"]
[SourceDate "2021.10.24"]
[SourceVersion "1"]
[SourceVersionDate "2021.10.24"]
[SourceQuality "1"]

1. g3 d5 2. Bg2 e5 3. d3 Nf6 4. Bg5 Be7 5. Nf3 h6 6. Bxf6 Bxf6 7. 0-0 e4 8. dxe4 Bxb2 9. Nbd2 dxe4 10. Nxe4 Bxa1 11. Qxd8+ Kxd8 12. Rxa1 c6 13. Ne5 Rf8 14. Rd1+ Kc7 15. a4 Na6 16. c3 Bf5 17. f4 f6 18. Nd3 Rfe8 19. Ndf2 Bxe4 20. Bxe4 Nc5 21. Bf5 Rxe2 22. a5 Rd8 23. Rxd8 Kxd8 24. Kf1 Ra2 25. a6 Rxa6 26. Ng4 Ra2 27. c4 a5 0-1

[Event "ZL-2018-0-02088"]
[Site "LSS email"]
[Date "2018.06.17"]
[Round "?"]
[White "Lauer, Frederic"]
[Black "Kerecsenyi, Zoltan"]
[Result "1-0"]
[WhiteElo "1151"]
[BlackElo "1329"]
[PlyCount "45"]
[EventDate "2018.06.03"]
[EventType "match (corr)"]
[EventRounds "2"]
[EventCountry "GER"]
[SourceTitle "Corr 2022"]
[Source "ChessBase"]
[SourceDate "2021.10.24"]
[SourceVersion "1"]
[SourceVersionDate "2021.10.24"]
[SourceQuality "1"]

1. e4 e5 2. Nf3 d6 3. Nc3 Nf6 4. Bc4 Be7 5. 0-0 0-0 6. b3 c6 7. Bb2 b5 8. Bd3 Bb7 9. Re1 a5 10. a4 b4 11. Ne2 Nbd7 12. Ng3 Nc5 13. Qe2 Ba6 14. Bxa6 Nxa6 15. d4 exd4 16. Nxd4 Nb8 17. Ngf5 c5 18. Nxe7+ Qxe7 19. Nf5 Qd8 20. Rad1 Ra6 21. e5 Re8 22. Nxd6 Re7 23. Nf5 1-0

[Event "OP-2017-0-04456"]
[Site "LSS email"]
[Date "2017.10.23"]
[Round "?"]
[White "Puntus, Vladimir"]
[Black "Kerecsenyi, Zoltan"]
[Result "1-0"]
[WhiteElo "1836"]
[BlackElo "1374"]
[PlyCount "91"]
[EventDate "2017.10.15"]
[EventType "tourn (corr)"]
[EventRounds "4"]
[EventCountry "GER"]
[SourceTitle "Corr 2022"]
[Source "ChessBase"]
[SourceDate "2021.10.24"]
[SourceVersion "1"]
[SourceVersionDate "2021.10.24"]
[SourceQuality "1"]

1. e4 d6 2. d4 Nf6 3. Nc3 Nbd7 4. Nf3 c6 5. e5 Nd5 6. Nxd5 cxd5 7. e6 fxe6 8. Bd3 g6 9. Ng5 Nf6 10. Qe2 Bh6 11. Nxe6 Qa5+ 12. c3 Bxc1 13. Rxc1 Bxe6 14. Qxe6 Nh5 15. g3 Ng7 16. Qe2 0-0 17. a3 e5 18. dxe5 dxe5 19. 0-0 Rae8 20. b4 Qc7 21. Bb5 Rd8 22. c4 d4 23. c5 Kh8 24. Rce1 a6 25. Ba4 b5 26. Bc2 Qf7 27. Qd3 Rfe8 28. f4 Nf5 29. fxe5 Qc4 30. Rf4 Kg7 31. Ree4 h5 32. Qd2 Qc3 33. Qxc3 dxc3 34. Rf3 Rd2 35. Rxc3 Red8 36. e6 Kf6 37. c6 Ke7 38. c7 Rc8 39. Bd3 g5 40. a4 Rd1+ 41. Kf2 Rd2+ 42. Ke1 Rxh2 43. Rc5 Nd6 44. Rd4 h4 45. Rc6 hxg3 46. Rdxd6 1-0

[Event "CP-2017-P-00019"]
[Site "LSS email"]
[Date "2017.09.27"]
[Round "?"]
[White "Fels, Bernhard"]
[Black "Kerecsenyi, Zoltan"]
[Result "1/2-1/2"]
[WhiteElo "2061"]
[BlackElo "1379"]
[PlyCount "61"]
[EventDate "2017.10.01"]
[EventType "tourn (corr)"]
[EventRounds "6"]
[EventCountry "GER"]
[SourceTitle "Corr 2022"]
[Source "ChessBase"]
[SourceDate "2021.10.24"]
[SourceVersion "1"]
[SourceVersionDate "2021.10.24"]
[SourceQuality "1"]

1. b3 Nf6 2. Bb2 d5 3. Nf3 c5 4. e3 Nc6 5. Bb5 e6 6. 0-0 Bd6 7. Ne5 Qc7 8. f4 0-0 9. Bxc6 bxc6 10. c4 Nd7 11. Nxd7 Bxd7 12. Nc3 Rad8 13. Qe2 f6 14. Rae1 Be8 15. Na4 Bf7 16. d3 Rfe8 17. e4 e5 18. f5 Qa5 19. Bc3 Qa6 20. Bd2 Qb7 21. Be3 Qe7 22. Qf2 Qc7 23. cxd5 cxd5 24. Bxc5 Bxc5 25. Qxc5 Qb7 26. Qe3 dxe4 27. Nc5 Qe7 28. dxe4 Rd4 29. Rc1 Rc8 30. Na4 Rcd8 31. Rc2 1/2-1/2

[Event "CP-2017-P-00019"]
[Site "LSS email"]
[Date "2017.09.27"]
[Round "?"]
[White "Kerecsenyi, Zoltan"]
[Black "Schroeder, Christoph"]
[Result "0-1"]
[WhiteElo "1379"]
[BlackElo "2316"]
[PlyCount "66"]
[EventDate "2017.10.01"]
[EventType "tourn (corr)"]
[EventRounds "6"]
[EventCountry "GER"]
[SourceTitle "Corr 2022"]
[Source "ChessBase"]
[SourceDate "2021.10.24"]
[SourceVersion "1"]
[SourceVersionDate "2021.10.24"]
[SourceQuality "1"]

1. e4 c5 2. Nf3 g6 3. Bb5 a6 4. Be2 Bg7 5. 0-0 Nc6 6. c3 e5 7. Na3 Nge7 8. d3 d5 9. Nc2 0-0 10. Bd2 h6 11. Qc1 Kh7 12. b4 c4 13. exd5 cxd3 14. Bxd3 Nxd5 15. Rd1 Be6 16. c4 Nb6 17. Be4 Qc8 18. c5 Bd5 19. Bxd5 Nxd5 20. Rb1 f5 21. Ne3 Nf4 22. Qc4 e4 23. Ne1 Nd4 24. Kh1 Nfe2 25. f4 g5 26. fxg5 hxg5 27. Qd5 Qc7 28. Nc4 Ng3+ 29. hxg3 Qxg3 30. Bxg5 Qxg5 31. Kg1 Rad8 32. Qxb7 Ne2+ 33. Kf2 Nc3 0-1

[Event "OP-2017-0-04369"]
[Site "LSS email"]
[Date "2017.06.16"]
[Round "?"]
[White "Kerecsenyi, Zoltan"]
[Black "Richter, Klaus"]
[Result "0-1"]
[WhiteElo "1454"]
[BlackElo "1722"]
[PlyCount "42"]
[EventDate "2017.06.10"]
[EventType "tourn (corr)"]
[EventRounds "4"]
[EventCountry "GER"]
[SourceTitle "Corr 2022"]
[Source "ChessBase"]
[SourceDate "2021.10.24"]
[SourceVersion "1"]
[SourceVersionDate "2021.10.24"]
[SourceQuality "1"]

1. c4 e5 2. Nc3 Nf6 3. g3 Nc6 4. Bg2 Bb4 5. e3 Bxc3 6. bxc3 0-0 7. Ne2 e4 8. 0-0 Ne5 9. Ba3 d6 10. c5 Nc4 11. Bc1 dxc5 12. Qc2 Bg4 13. Nf4 g5 14. Nh3 h6 15. Kh1 Be2 16. Re1 Bd3 17. Qd1 Ne5 18. f4 exf3 19. Bxf3 Nxf3 20. Re2 Qd5 21. Rg2 Ng4 0-1

[Event "OP-2017-0-04369"]
[Site "LSS email"]
[Date "2017.06.16"]
[Round "?"]
[White "Verich, Oleg"]
[Black "Kerecsenyi, Zoltan"]
[Result "1-0"]
[WhiteElo "1097"]
[BlackElo "1454"]
[PlyCount "55"]
[EventDate "2017.06.10"]
[EventType "tourn (corr)"]
[EventRounds "4"]
[EventCountry "GER"]
[SourceTitle "Corr 2022"]
[Source "ChessBase"]
[SourceDate "2021.10.24"]
[SourceVersion "1"]
[SourceVersionDate "2021.10.24"]
[SourceQuality "1"]

1. Nf3 Nf6 2. g3 d5 3. Bg2 c6 4. 0-0 g6 5. d4 Bg7 6. c4 dxc4 7. Nc3 0-0 8. Ne5 Nbd7 9. Nxc4 b5 10. Bxc6 Ba6 11. Bxa8 Qxa8 12. Ne3 Rd8 13. f3 b4 14. Na4 Qc6 15. d5 Qb5 16. Rf2 h5 17. Rb1 Nb6 18. Nxb6 Qxb6 19. b3 Nh7 20. Nc4 Bxc4 21. bxc4 Bd4 22. e3 Bc3 23. Re2 Ng5 24. Kg2 e6 25. e4 a5 26. Bxg5 f6 27. Be3 Qa6 28. c5 1-0

[Event "OP-2017-0-04369"]
[Site "LSS email"]
[Date "2017.06.15"]
[Round "?"]
[White "Tyutyunnik, Roman"]
[Black "Kerecsenyi, Zoltan"]
[Result "1-0"]
[WhiteElo "2088"]
[BlackElo "1454"]
[PlyCount "57"]
[EventDate "2017.06.10"]
[EventType "tourn (corr)"]
[EventRounds "4"]
[EventCountry "GER"]
[SourceTitle "Corr 2022"]
[Source "ChessBase"]
[SourceDate "2021.10.24"]
[SourceVersion "1"]
[SourceVersionDate "2021.10.24"]
[SourceQuality "1"]

1. e4 g6 2. d4 Bg7 3. c4 d6 4. Nc3 Nf6 5. Nf3 c6 6. Be2 0-0 7. 0-0 Qc7 8. Be3 e5 9. d5 c5 10. Nd2 Kh8 11. b4 b6 12. bxc5 bxc5 13. Rb1 a6 14. Nf3 Bg4 15. h3 Bxf3 16. Bxf3 Nbd7 17. Qa4 Rfb8 18. Rxb8+ Qxb8 19. Rb1 Qc8 20. Qc6 Bf8 21. g4 Rb8 22. Rxb8 Qxb8 23. g5 Nb6 24. gxf6 Nxc4 25. Bc1 Nb6 26. a4 Qd8 27. Qb7 Nd7 28. Qxa6 Nxf6 29. a5 1-0

[Event "ZI-2017-0-02307"]
[Site "LSS email"]
[Date "2017.06.12"]
[Round "?"]
[White "Zakaria, Ahmed"]
[Black "Kerecsenyi, Zoltan"]
[Result "1-0"]
[WhiteElo "1566"]
[BlackElo "1454"]
[PlyCount "33"]
[EventDate "2017.05.31"]
[EventType "match (corr)"]
[EventRounds "2"]
[EventCountry "GER"]
[SourceTitle "Corr 2022"]
[Source "ChessBase"]
[SourceDate "2021.10.24"]
[SourceVersion "1"]
[SourceVersionDate "2021.10.24"]
[SourceQuality "1"]

1. e4 d5 2. exd5 Nf6 3. Nf3 Nxd5 4. d4 g6 5. Be2 Bg7 6. 0-0 0-0 7. Re1 c6 8. c3 Nd7 9. Nbd2 e6 10. Ne4 Qc7 11. Bg5 h6 12. Bh4 g5 13. Bg3 Nf4 14. Qd2 f5 15. Bxf4 fxe4 16. Bxc7 exf3 17. Bxf3 1-0